Comparative Behavior of Mud Mortar Walls (Record no. 551345)

000 -LEADER
fixed length control field 00380nam a22001457a 4500
082 ## - DEWEY DECIMAL CLASSIFICATION NUMBER
Classification number T-12
100 ## - MAIN ENTRY--PERSONAL NAME
Personal name Amir Faizullah
9 (RLIN) 48373
245 ## - TITLE STATEMENT
Title Comparative Behavior of Mud Mortar Walls
Statement of responsibility, etc. Amir Faizullah
260 ## - PUBLICATION, DISTRIBUTION, ETC.
Place of publication, distribution, etc. Risalpur
Name of publisher, distributor, etc. MCE
Date of publication, distribution, etc. 7-4-1997
300 ## - PHYSICAL DESCRIPTION
Extent 93p.:
Dimensions 40cm
526 ## - STUDY PROGRAM INFORMATION NOTE
Program name 0
Interest level 0
Reading level 0
Title point value T_12
650 ## - SUBJECT ADDED ENTRY--TOPICAL TERM
Topical term or geographic name entry element Thesis
9 (RLIN) 34811
700 ## - ADDED ENTRY--PERSONAL NAME
Personal name Syed Ali Rizwan
9 (RLIN) 13401
942 ## - ADDED ENTRY ELEMENTS (KOHA)
Source of classification or shelving scheme
Koha item type Book
Holdings
Withdrawn status Lost status Source of classification or shelving scheme Damaged status Not for loan Permanent Location Current Location Date acquired Total Checkouts Full call number Barcode Date last seen Price effective from Koha item type Public note
          Military College of Engineering (MCE) Military College of Engineering (MCE) 12/11/2014   T-12 MCE-T-12 12/11/2014 12/11/2014 Book Thesis
© 2023 Central Library, National University of Sciences and Technology. All Rights Reserved.